[Event "Vojvodina-ch 5th"]
[Site "Novi Sad"]
[Date "2014.07.18"]
[Round "9"]
[White "Tosic, Miroslav"]
[Black "Jovanovic, Milenko"]
[Result "1-0"]
[WhiteElo "2427"]
[BlackElo "2154"]
[PlyCount "63"]
[EventDate "2014.07.12"]
[EventType "swiss"]
[EventRounds "9"]
[EventCountry "YUG"]
[SourceTitle "CBM 161 Extra"]
[Source "ChessBase"]
[SourceDate "2014.08.29"]
[SourceVersion "1"]
[SourceVersionDate "2014.08.29"]
[SourceQuality "1"]

1. d4 d5 2. c4 c6 3. Nc3 Nf6 4. Nf3 e6 5. Bg5 Be7 6. e3 dxc4 7. Bxc4 0-0 8. 0-0 Nbd7 9. Qe2 Nd5 10. Bxe7 Nxc3 11. Bxd8 Nxe2+ 12. Bxe2 Rxd8 13. Rac1 a5 14. b4 Kf8 15. a3 f6 16. Rfd1 Ke7 17. Bd3 Nf8 18. h4 Bd7 19. h5 Be8 20. g4 Bf7 21. Kg2 h6 22. Rc3 Nd7 23. Kg3 f5 24. gxf5 Bxh5 25. Rf1 exf5 26. Bxf5 Rf8 27. e4 Nf6 28. Ne5 Rad8 29. Kf4 g5+ 30. Ke3 Kd6 31. Rh1 Kc7 32. Rc5 1-0

[Event "SRB-chT2 Vojvodina League"]
[Site "Kac"]
[Date "2012.10.20"]
[Round "10"]
[White "Somborski, Nebojsa"]
[Black "Jovanovic, Milenko"]
[Result "1-0"]
[WhiteElo "2342"]
[BlackElo "2192"]
[PlyCount "57"]
[EventDate "2012.10.14"]
[EventType "team-swiss"]
[EventRounds "11"]
[EventCountry "SRB"]
[SourceTitle "EXT 2015"]
[Source "ChessBase"]
[SourceDate "2014.11.20"]
[SourceVersion "1"]
[SourceVersionDate "2014.11.20"]
[SourceQuality "1"]

1. e4 e5 2. Nf3 Nc6 3. Bb5 a6 4. Ba4 Nf6 5. 0-0 Be7 6. Re1 b5 7. Bb3 d6 8. c3 0-0 9. h3 Na5 10. Bc2 c5 11. d4 Qc7 12. Nbd2 Bd7 13. Nf1 cxd4 14. cxd4 Nc6 15. Ne3 Rfe8 16. Bb3 Bf8 17. Nd5 Nxd5 18. Bxd5 h6 19. Be3 Rac8 20. Qb3 Nd8 21. Rec1 Qa5 22. Rxc8 Bxc8 23. Qc2 Be6 24. Bxe6 Rxe6 25. a3 exd4 26. Nxd4 Re7 27. Rc1 b4 28. axb4 Qxb4 29. Qc8 1-0

[Event "SRB-chT2 Vojvodina League"]
[Site "Kac"]
[Date "2012.10.15"]
[Round "3"]
[White "Laketic, Gojko"]
[Black "Jovanovic, Milenko"]
[Result "1-0"]
[WhiteElo "2435"]
[BlackElo "2192"]
[PlyCount "43"]
[EventDate "2012.10.14"]
[EventType "team-swiss"]
[EventRounds "11"]
[EventCountry "SRB"]
[SourceTitle "EXT 2015"]
[Source "ChessBase"]
[SourceDate "2014.11.20"]
[SourceVersion "1"]
[SourceVersionDate "2014.11.20"]
[SourceQuality "1"]

1. d4 d5 2. c4 e6 3. Nc3 Nf6 4. cxd5 exd5 5. Bg5 Be7 6. e3 c6 7. Qc2 0-0 8. Bd3 Nbd7 9. Nge2 Re8 10. 0-0 Ne4 11. Bxe4 dxe4 12. Bf4 f5 13. Nb5 Nb6 14. Nc7 Rf8 15. Nxa8 Nxa8 16. Qb3+ Kh8 17. d5 cxd5 18. Rfd1 Nb6 19. Rac1 Bd6 20. Bxd6 Qxd6 21. Nf4 Rd8 22. Nxd5 1-0

[Event "CRO-chT2 Ost"]
[Site "Osijek"]
[Date "2012.10.06"]
[Round "7.25"]
[White "Nikolic, Milenko"]
[Black "Jovanovic, Milenko"]
[Result "0-1"]
[WhiteElo "2078"]
[BlackElo "2205"]
[PlyCount "117"]
[EventDate "2012.04.21"]
[EventType "team-tourn"]
[EventRounds "11"]
[EventCountry "CRO"]
[SourceTitle "EXT 2014"]
[Source "ChessBase"]
[SourceDate "2013.11.20"]
[SourceVersion "1"]
[SourceVersionDate "2013.11.20"]
[SourceQuality "1"]

1. c4 Nf6 2. Nc3 c5 3. g3 Nc6 4. Bg2 e6 5. Nf3 d5 6. cxd5 Nxd5 7. 0-0 Be7 8. d3 0-0 9. Bd2 b6 10. Rc1 Bb7 11. Qa4 Rc8 12. a3 a6 13. Rfd1 b5 14. Qb3 Nf6 15. Bg5 Na5 16. Qc2 h6 17. Bf4 Nc6 18. h3 Qb6 19. Be3 Rfd8 20. Qd2 Nd4 21. Qe1 Nb3 22. Rb1 a5 23. Bf1 b4 24. Na2 Nd5 25. Bd2 Nf6 26. Ne5 Nd4 27. Rdc1 Nb3 28. Rd1 Bd6 29. Nc4 Qc6 30. e4 e5 31. Nc1 Nd4 32. Bg2 Bc7 33. b3 Ba6 34. a4 Bxc4 35. dxc4 Rd7 36. Rb2 Rcd8 37. Qe3 Ne6 38. f3 Rd4 39. Bf1 Qd7 40. Bd3 Rxd3 41. Nxd3 Qxd3 42. Re1 Qxe3+ 43. Rxe3 h5 44. Kf2 h4 45. Re2 hxg3+ 46. Kxg3 Nh5+ 47. Kh2 Nd4 48. Rf2 Nf4 49. Bxf4 exf4 50. Kg2 Be5 51. Rb1 Rd6 52. Rd2 Rg6+ 53. Kf2 Rg3 54. Rd3 Rxh3 55. Rg1 f6 56. Rg2 g5 57. Rg1 Kf7 58. Rg2 Ke6 59. Rg1 0-1

[Event "CRO-chT2 Ost"]
[Site "Osijek"]
[Date "2012.05.05"]
[Round "4.65"]
[White "Djuric, Milan"]
[Black "Jovanovic, Milenko"]
[Result "1/2-1/2"]
[WhiteElo "2039"]
[BlackElo "2205"]
[PlyCount "22"]
[EventDate "2012.04.21"]
[EventType "team-tourn"]
[EventRounds "11"]
[EventCountry "CRO"]
[SourceTitle "EXT 2014"]
[Source "ChessBase"]
[SourceDate "2013.11.20"]
[SourceVersion "1"]
[SourceVersionDate "2013.11.20"]
[SourceQuality "1"]

1. c4 Nf6 2. Nc3 c5 3. Nf3 b6 4. d4 cxd4 5. Nxd4 Bb7 6. f3 e6 7. e4 d6 8. Bg5 a6 9. Be2 Be7 10. 0-0 0-0 11. Qc2 Nbd7 1/2-1/2

[Event "CRO-chT2 East"]
[Site "Croatia"]
[Date "2011.04.16"]
[Round "4"]
[White "Jovanovic, Milenko"]
[Black "Djukic, Zeljko"]
[Result "1/2-1/2"]
[WhiteElo "2195"]
[BlackElo "2275"]
[PlyCount "93"]
[EventDate "2011.04.02"]
[EventType "tourn"]
[EventRounds "11"]
[EventCountry "CRO"]
[SourceTitle "EXT 2014"]
[Source "ChessBase"]
[SourceDate "2013.11.20"]
[SourceVersion "1"]
[SourceVersionDate "2013.11.20"]
[SourceQuality "1"]

1. d4 Nf6 2. c4 e6 3. Nc3 Bb4 4. e3 b6 5. Nge2 Bb7 6. a3 Be7 7. d5 0-0 8. Ng3 d6 9. e4 e5 10. Bd3 Nbd7 11. Nf5 Bc8 12. 0-0 Nc5 13. Nxe7+ Qxe7 14. Bc2 Bg4 15. f3 Bc8 16. b4 Ncd7 17. Be3 Bb7 18. Qd2 Rfd8 19. Rfc1 h6 20. Bd3 c6 21. dxc6 Bxc6 22. Nd5 Bxd5 23. cxd5 Rac8 24. Ba6 Rxc1+ 25. Rxc1 Nb8 26. Bf1 g5 27. g4 Kg7 28. h4 Nh7 29. h5 Nf6 30. Qc3 Ne8 31. Bb5 Nd7 32. Kg2 Ndf6 33. a4 Rb8 34. Qc6 Rb7 35. Qc8 Rc7 36. Rxc7 Qxc7 37. Qxc7 Nxc7 38. Bc6 Na6 39. Bd2 Kf8 40. Bb7 Nb8 41. Be3 Nfd7 42. Kf2 Ke7 43. Ke2 Kd8 44. Bc6 Kc7 45. Bxd7 Nxd7 46. Kd3 Kb7 47. Kc4 1/2-1/2

[Event "CRO-chT2 East"]
[Site "Osijek"]
[Date "2010.04.17"]
[Round "1.14"]
[White "Jovanovic, Milenko"]
[Black "Cubelic, Milan"]
[Result "1/2-1/2"]
[WhiteElo "2221"]
[BlackElo "2125"]
[PlyCount "47"]
[EventDate "2010.04.17"]
[EventType "team-tourn"]
[EventRounds "11"]
[EventCountry "CRO"]
[SourceTitle "EXT 2012"]
[Source "ChessBase"]
[SourceDate "2011.11.24"]
[SourceVersion "1"]
[SourceVersionDate "2011.11.24"]
[SourceQuality "1"]

1. d4 d5 2. Nf3 e6 3. c4 c6 4. Nc3 f5 5. g3 Nf6 6. Bg2 Bb4 7. 0-0 0-0 8. a3 Bxc3 9. bxc3 Nbd7 10. Qb3 Nb6 11. c5 Nc4 12. Nd2 Nxd2 13. Bxd2 b6 14. cxb6 axb6 15. Rfb1 b5 16. a4 Ba6 17. axb5 Bxb5 18. Bf3 Ne4 19. Bc1 Qd7 20. Qb2 h6 21. Rxa8 Rxa8 22. Ra1 Rxa1 23. Qxa1 Kh7 24. h4 1/2-1/2

[Event "CRO-chT2c"]
[Site "Croatia"]
[Date "2009.04.04"]
[Round "1"]
[White "Jovanovic, Milenko"]
[Black "Stanic, Ivica"]
[Result "1/2-1/2"]
[WhiteElo "2227"]
[BlackElo "2001"]
[PlyCount "105"]
[EventDate "2009.04.04"]
[EventType "team-tourn"]
[EventRounds "11"]
[EventCountry "CRO"]
[SourceTitle "EXT 2010"]
[Source "ChessBase"]
[SourceDate "2010.11.25"]
[SourceVersion "1"]
[SourceVersionDate "2010.11.25"]
[SourceQuality "1"]

1. d4 d5 2. c4 c6 3. cxd5 cxd5 4. Nc3 Bf5 5. Nf3 Nf6 6. Bf4 Nc6 7. e3 Qb6 8. Bb5 a6 9. Bxc6+ bxc6 10. 0-0 Rc8 11. Na4 Qb5 12. Ne5 Nd7 13. Nxd7 Bxd7 14. Qc2 e6 15. Rfc1 Be7 16. Rab1 0-0 17. Nc5 Bxc5 18. Qxc5 Qxc5 19. Rxc5 Ra8 20. Ra5 f6 21. b4 Rfe8 22. Bd6 e5 23. Bc5 Kf7 24. Rb3 exd4 25. Bxd4 Reb8 26. Bc5 Rb5 27. a4 Rxa5 28. bxa5 Ke6 29. Rb7 h5 30. Kf1 g5 31. Ke2 Be8 32. Kd2 h4 33. Kc3 Kf5 34. Kd4 Bh5 35. Rb6 Bd1 36. Rxc6 Bxa4 37. Rb6 Re8 38. f3 Re6 39. Kxd5 Re5+ 40. Kd4 Bb5 41. Bd6 Re8 42. g4+ hxg3 43. hxg3 g4 44. e4+ Kg5 45. f4+ Kg6 46. Be5 Rd8+ 47. Ke3 Rd3+ 48. Kf2 Rd2+ 49. Ke1 Re2+ 50. Kd1 Rxe4 51. Rxf6+ Kh5 52. Rd6 Re3 53. Bg7 1/2-1/2

[Event "CRO-chT2 East"]
[Site "Croatia"]
[Date "2005.04.23"]
[Round "5.6"]
[White "Jovanovic, Milenko"]
[Black "Miletic, Josip"]
[Result "1-0"]
[WhiteElo "2243"]
[BlackElo "2225"]
[PlyCount "81"]
[EventDate "2005.03.19"]
[EventType "team"]
[EventRounds "11"]
[EventCountry "CRO"]
[SourceTitle "EXT 2007"]
[Source "ChessBase"]
[SourceDate "2006.11.23"]
[SourceVersion "1"]
[SourceVersionDate "2006.11.23"]
[SourceQuality "1"]

1. d4 Nf6 2. c4 c5 3. d5 b5 4. cxb5 a6 5. b6 Qxb6 6. Nc3 g6 7. e4 d6 8. a4 Bd7 9. Bc4 Qb4 10. Qd3 Bg7 11. Bd2 Ng4 12. Nf3 0-0 13. 0-0 f5 14. h3 Ne5 15. Nxe5 Bxe5 16. f4 Bg7 17. Ra2 Qb7 18. Qe2 fxe4 19. Nxe4 Bf5 20. Bc3 Nd7 21. Bxg7 Kxg7 22. a5 Bxe4 23. Qxe4 e5 24. f5 Nf6 25. Qh4 Qb4 26. b3 Qc3 27. Kh2 Qd4 28. Qg5 Ra7 29. fxg6 hxg6 30. Rd2 Qc3 31. Rd3 Qc2 32. Rdf3 Nh7 33. Qg4 Rxf3 34. Rxf3 Qd2 35. Bd3 Ng5 36. Rg3 Kf6 37. h4 Rh7 38. Rh3 Rh5 39. hxg5+ Rxg5 40. Qe6+ Kg7 41. Qe7+ 1-0

[Event "CRO-chT2 East"]
[Site "Croatia"]
[Date "2005.03.19"]
[Round "1.3"]
[White "Toth, Andras"]
[Black "Jovanovic, Milenko"]
[Result "1-0"]
[WhiteElo "2443"]
[BlackElo "2243"]
[PlyCount "67"]
[EventDate "2005.03.19"]
[EventType "team"]
[EventRounds "11"]
[EventCountry "CRO"]
[SourceTitle "EXT 2007"]
[Source "ChessBase"]
[SourceDate "2006.11.23"]
[SourceVersion "1"]
[SourceVersionDate "2006.11.23"]
[SourceQuality "1"]
[WhiteTeam "Slavonski Brod"]
[BlackTeam "Bobota"]
[WhiteTeamCountry "CRO"]
[BlackTeamCountry "CRO"]

1. e4 e5 2. Nf3 Nc6 3. Bb5 a6 4. Ba4 Nf6 5. 0-0 b5 6. Bb3 Be7 7. Re1 d6 8. c3 0-0 9. h3 Na5 10. Bc2 c5 11. d4 cxd4 12. cxd4 Nc6 13. Nbd2 Re8 14. a3 Bf8 15. d5 Ne7 16. b4 g6 17. Nb3 Nh5 18. Na5 Nf4 19. Bxf4 exf4 20. Qd2 Bg7 21. Rac1 Qb6 22. Bb3 Bd7 23. Qxf4 Rac8 24. Nc6 Nxc6 25. dxc6 Be6 26. Bd5 h6 27. Qxd6 Red8 28. Qf4 Bxd5 29. exd5 Rxd5 30. Re7 Rf5 31. Qe4 Kh7 32. c7 Rf6 33. Qd5 Rf5 34. Qd7 1-0

[Event "YUG-chT"]
[Site "Vrnjacka Banja"]
[Date "1996.??.??"]
[Round "?"]
[White "Peric, Slavisa"]
[Black "Jovanovic, Milenko"]
[Result "1/2-1/2"]
[WhiteElo "2325"]
[BlackElo "2285"]
[PlyCount "91"]
[EventDate "1996.??.??"]
[EventType "team"]
[EventRounds "11"]
[EventCountry "YUG"]
[SourceTitle "EXT 2000"]
[Source "ChessBase"]
[SourceDate "1999.11.16"]
[SourceVersion "1"]
[SourceVersionDate "1999.11.16"]
[SourceQuality "1"]

1. d4 d5 2. c4 Bf5 3. Nc3 e6 4. Nf3 Nf6 5. Bg5 c6 6. e3 Be7 7. Qb3 Qb6 8. c5 Qc7 9. Bf4 Qc8 10. h3 0-0 11. Be2 Nbd7 12. Qd1 Ne4 13. 0-0 b6 14. cxb6 axb6 15. a4 Nxc3 16. bxc3 Ra5 17. c4 Qb7 18. cxd5 exd5 19. Qb3 Rfa8 20. Ra2 R8a7 21. Rfa1 Qa8 22. Ne5 Nxe5 23. Bxe5 b5 24. Bd1 Be6 25. Qb2 f6 26. Bg3 bxa4 27. f3 a3 28. Qc2 Rb5 29. Be1 Qc8 30. Bd2 g6 31. Be2 Rb6 32. Bc1 Bf5 33. e4 dxe4 34. fxe4 Be6 35. Bc4 Kg7 36. Bxa3 Bxc4 37. Qxc4 Bxa3 38. Rxa3 Rxa3 39. Rxa3 Rb1+ 40. Kf2 Rb2+ 41. Kg1 Rb1+ 42. Kf2 Qb8 43. Kf3 g5 44. g3 Rg1 45. Kf2 Qb1 46. Ra7+ 1/2-1/2